LEADER 01709nam2 22003853i 450 001 MIL0530633 005 20251003044234.0 100 $a20090507d2000 ||||0itac50 ba 101 | $aita 102 $ait 181 1$6z01$ai $bxxxe 182 1$6z01$an 200 1 $aˆ2: ‰Misura$emisuratori diretti e trasmettitori a distanza delle grandezze$efisiche, chimiche, meccaniche ed elettriche$fA. Brunelli 205 $a4. ed 210 $aMilano$cG.I.S.I.$dstampa 2000 215 $aXII, 1261 p.$cill.$d25 cm. 461 1$1001MIL0143752$12001 $aStrumentazione di misura e controllo nelle applicazioni industriali$fA. Brunelli$v2 606 $aStrumenti per misure$2FIR$3CFIC045734$9E 606 $aRegolazione automatica$2FIR$3SBLC004019$9I 676 $a629.8$9INGEGNERIA DEI CONTROLLI AUTOMATICI$v14 676 $a629.8$9Ingegneria dei controlli automatici$v22 696 $aMisuratori$aApparecchi di misura$aApparecchi di misurazione$aStrumenti di misurazione$aStrumenti di misura 699 $aStrumenti per misure$yMisuratori 699 $aStrumenti per misure$yApparecchi di misura 699 $aStrumenti per misure$yApparecchi di misurazione 699 $aStrumenti per misure$yStrumenti di misurazione 699 $aStrumenti per misure$yStrumenti di misura 700 1$aBrunelli$b, Alessandro$f <1948- >$3MILV091840$4070$0770285 801 3$aIT$bIT-000000$c20090507 850 $aIT-BN0095 912 $aMIL0530633 950 2$aBiblioteca Centralizzata di Ateneo$cv. 1-4 in 5 v.$d 01SALA DING 629.8 BRU.st$e 0102 0000037325 VMA A4(0002 v. 2$fY $h20010326$i20010326 977 $a 01 996 $aMisura$91572486 997 $aUNISANNIO